Ja sa prázdnin nebojím /

Hlavní autor: Glocko, Peter, 1946-2019
Další autoři: Bočkay, Milan, 1946-
Jazyk: Slovenština
Vydáno: Bratislava : Mladé letá, 1988
Vydání: 1. vydanie
Fyzický popis: 151 stran : ilustrace
Knihy
Uloženo v:
LEADER 00893nam a22002772i 4500
001 001515259
003 CZ BrMZK
005 20160309133715.0
007 ta
008 160308s1988 xo a er|||||||||||slo d
040 |a BOA001  |b cze  |e rda 
080 9 |a 885.4-93-31 
100 1 |a Glocko, Peter,  |d 1946-2019  |7 jn20000601892  |4 aut 
245 1 0 |a Ja sa prázdnin nebojím /  |c Peter Glocko ; ilustroval Milan Bočkay 
250 |a 1. vydanie 
264 1 |a Bratislava :  |b Mladé letá,  |c 1988 
300 |a 151 stran :  |b ilustrace 
336 |a text  |b txt  |2 rdacontent 
337 |a bez média  |b n  |2 rdamedia 
338 |a svazek  |b nc  |2 rdacarrier 
521 8 |a Pro čtenáře od 13 let 
700 1 |a Bočkay, Milan,  |d 1946-  |7 jn20000620026  |4 ill 
910 |a BOA001  |b M2-0937.072 
990 |a BK 
991 |b 201603 
996 7 |b 2619150490  |c M2-0937.072  |l MZK  |r Sklad / do 24 hodin  |n 0  |w 001550578  |u 000010  |a 1  |e BOA001  |j MZK50  |s A